Music Quiz

Random Music or Song Quiz

Songs on The Dark Side of the Moon Quiz Stats

 Plays Quiz Updated Jan 28, 2020

Support Sporcle.
Go Orange.
Score 0/10 Timer 03:00
0 Plays Today
Side % Correct
Side 2Money
94.4%
Side 1Time
85.2%
Side 2Eclipse
71.9%
Side 1The Great Gig in the Sky
70.3%
Side 2Us and Them
67%
Side 2Brain Damage
66.5%
Side 1Speak to Me
62.8%
Side 1On the Run
50.5%
Side 2Any Colour You Like
48.2%
Side 1Breathe
38.2%

From the Vault

Words Within Words 'B' Blitz

by Scuadrado

Language 90s
This might leave your brain buzzing.
Remove Ads.
Support Sporcle.
Get the best of Sporcle when you Go Orange. This ad-free experience offers more features, more stats, and more fun while also helping to support Sporcle. Thank you for becoming a member.

Show Comments

Extras

Top Quizzes Today


Score Distribution

Your Account Isn't Verified!

In order to create a playlist on Sporcle, you need to verify the email address you used during registration. Go to your Sporcle Settings to finish the process.

Report this User

Report this user for behavior that violates our Community Guidelines.

Details: